[Event "Forchheim - Solingen"]
[Site "BL 0203"]
[Date "2003.02.09"]
[Round "11.4"]
[White "Heidrich, Manfred"]
[Black "Sadler, Matthew"]
[Result "1/2-1/2"]
[WhiteElo "2415"]
[BlackElo "2624"]
[PlyCount "149"]
[EventDate "2003.??.??"]

1. e4 c5 2. c3 Nf6 3. e5 Nd5 4. d4 cxd4 5. cxd4 g6 6. Nc3 Nxc3 7. bxc3 Bg7 8.
f4 d6 9. Bd3 Nc6 10. Be3 O-O 11. Nf3 Bg4 12. O-O Rc8 13. Rc1 Na5 14. Qe2 Qc7
15. h3 Bxf3 16. Qxf3 b6 17. exd6 Qxd6 18. f5 Nc4 19. Bg5 Bf6 20. Bxf6 exf6 21.
Rfe1 g5 22. Qe2 Na5 23. Qe7 Rfd8 24. Rc2 Rc7 25. Qxd6 Rxd6 26. Kf2 Rdc6 27.
Rec1 Nc4 28. Bxc4 Rxc4 29. Ke3 Kf8 30. Kd3 Ke7 31. Rb1 h5 32. g3 Kd6 33. Rb3
Rc8 34. a3 R4c7 35. Re2 Rc4 36. Rc2 R4c6 37. Rbb2 Re8 38. Re2 Rec8 39. Rec2 Re8
40. Re2 Rec8 41. Rb3 Rc4 42. Re1 Ra4 43. Ra1 Ra5 44. Rf1 Ra4 45. Rf2 Kd7 46.
Rc2 Ra5 47. Rf2 Ra4 48. Rf3 Kd6 49. Re3 Ra5 50. Rf3 b5 51. a4 bxa4 52. Ra3 Rb8
53. c4 Rb1 54. Kc2 Rh1 55. g4 hxg4 56. hxg4 Rg1 57. Rg3 Rxg3 58. Rxg3 a3 59.
Kb1 a2+ 60. Ka1 Ra4 61. Rc3 Kc6 62. Rc2 a5 63. Rc3 Kd7 64. d5 Kc7 65. c5 Rxg4
66. d6+ Kc8 67. Re3 Rc4 68. Re8+ Kd7 69. Re7+ Kd8 70. Rc7 Rc2 71. c6 g4 72.
Rd7+ Kc8 73. Rc7+ Kd8 74. Rd7+ Kc8 75. Rc7+ 1/2-1/2

[Event "Forchheim - Solingen"]
[Site "BL 0203"]
[Date "2003.02.09"]
[Round "11.5"]
[White "Naumann, Alexander"]
[Black "Niedermaier, Hans"]
[Result "1/2-1/2"]
[WhiteElo "2513"]
[BlackElo "2271"]
[PlyCount "83"]
[EventDate "2003.??.??"]

1. e4 e5 2. Nf3 Nc6 3. Bb5 Bc5 4. O-O Nd4 5. Nxd4 Bxd4 6. c3 Bb6 7. d4 c6 8.
Ba4 d6 9. d5 Ne7 10. b4 O-O 11. Na3 f5 12. Nc4 cxd5 13. Nxb6 Qxb6 14. exd5 f4
15. Qf3 Bf5 16. Bd2 Ng6 17. c4 Qd4 18. Qc3 Qxc3 19. Bxc3 Bd3 20. Rfd1 Bxc4 21.
Bd7 Rfd8 22. Be6+ Kh8 23. a4 Nf8 24. Bh3 b5 25. a5 Nd7 26. f3 Rac8 27. Be1 g5
28. Bf2 Rc7 29. a6 Kg7 30. g3 fxg3 31. hxg3 Rf8 32. Kg2 Be2 33. Rdc1 Bxf3+ 34.
Kh2 Rfc8 35. Rc6 Nb8 36. Rxd6 g4 37. Ra3 Rc3 38. Rxc3 Rxc3 39. Bg2 Rc2 40. Kg1
Rc1+ 41. Kh2 Rc2 42. Kg1 1/2-1/2

[Event "Forchheim - Solingen"]
[Site "BL 0203"]
[Date "2003.02.09"]
[Round "11.6"]
[White "Doeres, Hans-Juergen"]
[Black "Sandipan, Chanda"]
[Result "0-1"]
[WhiteElo "2271"]
[BlackElo "2510"]
[PlyCount "92"]
[EventDate "2003.??.??"]

1. e4 c5 2. Nf3 e6 3. d3 Nc6 4. g3 d6 5. Bg2 Nf6 6. O-O Be7 7. Re1 O-O 8. c3 e5
9. a4 a6 10. Nh4 Ne8 11. Nf5 Bf6 12. f4 exf4 13. Bxf4 g6 14. Nh6+ Kh8 15. Na3
Bg7 16. Ng4 Rb8 17. Bd2 b5 18. axb5 axb5 19. Qe2 Na5 20. Rad1 b4 21. Nc4 Nb3
22. Nge3 Nc7 23. Rf1 Nb5 24. Nd5 Be6 25. Nce3 Nxd2 26. Qxd2 b3 27. Ra1 Ra8 28.
Nf4 Ra2 29. Nxe6 fxe6 30. Rxf8+ Qxf8 31. Rf1 Qe7 32. Nd1 Bf6 33. Qf4 Kg7 34.
Bh3 Bg5 35. Qf3 Ra1 36. Ne3 Rxf1+ 37. Nxf1 Nxc3 38. bxc3 b2 39. Qd1 Qa7 40.
Bxe6 c4+ 41. d4 Bc1 42. Qc2 Be3+ 43. Kg2 Qa1 44. Qe2 b1=Q 45. Qf3 Qaa2+ 46. Kh3
Qf2 0-1

[Event "Forchheim - Solingen"]
[Site "BL 0203"]
[Date "2003.02.09"]
[Round "11.7"]
[White "Hoffmann, Michael"]
[Black "Bade, Joern"]
[Result "1/2-1/2"]
[WhiteElo "2438"]
[BlackElo "2267"]
[PlyCount "67"]
[EventDate "2003.??.??"]

1. e4 c5 2. Nf3 Nc6 3. d4 cxd4 4. Nxd4 Nf6 5. Nc3 e5 6. Ndb5 d6 7. Bg5 a6 8.
Na3 b5 9. Bxf6 gxf6 10. Nd5 f5 11. Bd3 Be6 12. O-O Bxd5 13. exd5 Ne7 14. c3 Bg7
15. Qh5 e4 16. Bc2 Qc8 17. Rae1 O-O 18. Bb3 a5 19. Qg5 Qb7 20. f3 h6 21. Qd2 a4
22. Bc2 b4 23. cxb4 Qxd5 24. Qxd5 Nxd5 25. fxe4 Nxb4 26. Bb1 Bxb2 27. Nc4 Be5
28. Nxe5 dxe5 29. exf5 f6 30. Re4 Nd5 31. Bd3 Nf4 32. Bc4+ Kh7 33. h4 Rfd8 34.
Rf2 1/2-1/2

[Event "Plauen - Bremen"]
[Site "BL 0203"]
[Date "2003.02.09"]
[Round "11.2"]
[White "Bischoff, Klaus"]
[Black "Babula, Vlastimil"]
[Result "1/2-1/2"]
[WhiteElo "2554"]
[BlackElo "2590"]
[PlyCount "70"]
[EventDate "2003.??.??"]

1. c4 e5 2. Nc3 Nc6 3. g3 g6 4. Bg2 Bg7 5. e4 d6 6. Nge2 h5 7. h3 Nd4 8. d3 Ne7
9. Nxd4 exd4 10. Ne2 Nc6 11. Bd2 a5 12. Qb3 Bd7 13. f4 Qc8 14. Kf1 Ne7 15. Qc2
c5 16. a4 f5 17. e5 Bc6 18. exd6 Bxg2+ 19. Kxg2 Qc6+ 20. Kf2 Nc8 21. Rhe1 Kd7
22. Ng1 h4 23. Qd1 hxg3+ 24. Kxg3 Nxd6 25. Qf3 Qxf3+ 26. Nxf3 Nf7 27. Re2 b6
28. Ng5 Nxg5 29. fxg5 Rae8 30. Rae1 Rxe2 31. Rxe2 Bf8 32. Bf4 Bd6 33. Bxd6 Kxd6
34. h4 Kd7 35. Re1 Kd6 1/2-1/2

[Event "Plauen - Bremen"]
[Site "BL 0203"]
[Date "2003.02.09"]
[Round "11.3"]
[White "Schandorff, Lars"]
[Black "Kindermann, Stefan"]
[Result "1/2-1/2"]
[WhiteElo "2546"]
[BlackElo "2519"]
[PlyCount "42"]
[EventDate "2003.??.??"]

1. d4 f5 2. Nc3 Nf6 3. Bg5 d5 4. Qd2 e6 5. f3 Nc6 6. e4 dxe4 7. Bb5 Bb4 8. fxe4
Nxe4 9. Bxd8 Nxd2 10. Bxc7 Ne4 11. Nge2 Bd7 12. O-O Bxc3 13. bxc3 Rc8 14. Bf4
Ne7 15. Bd3 Nxc3 16. Nxc3 Rxc3 17. Rfb1 Rxd3 18. cxd3 Bc6 19. Be5 Kf7 20. Rc1
Rd8 21. Rab1 Rd7 1/2-1/2

[Event "Plauen - Bremen"]
[Site "BL 0203"]
[Date "2003.02.09"]
[Round "11.5"]
[White "Gallagher, Joseph G"]
[Black "Dirr, Ulrich"]
[Result "1/2-1/2"]
[WhiteElo "2540"]
[BlackElo "2322"]
[PlyCount "87"]
[EventDate "2003.??.??"]

1. e4 e6 2. d4 d5 3. Nd2 Nf6 4. e5 Nfd7 5. c3 c5 6. Bd3 Nc6 7. Ne2 cxd4 8. cxd4
f6 9. exf6 Qxf6 10. Nf3 h6 11. O-O Bd6 12. Ng3 O-O 13. Bc2 Rf7 14. Be3 Nf8 15.
a3 Bd7 16. Qd2 Be8 17. Rac1 Rc7 18. Ne1 Rac8 19. f4 Ne7 20. Nf3 Bg6 21. Bb3
Rxc1 22. Rxc1 Rxc1+ 23. Qxc1 Nf5 24. Ne5 Nxg3 25. hxg3 Be4 26. Qc8 Qe7 27. Ba4
Bxa3 28. Nd7 Qb4 29. bxa3 Qe1+ 30. Kh2 Qe2 31. Qxf8+ Kh7 32. Nf6+ gxf6 33. Qf7+
Kh8 34. Qf8+ Kh7 35. Qf7+ Kh8 36. Qxf6+ Kh7 37. Qe7+ Kh8 38. Qd8+ Kh7 39. Qd7+
Kh8 40. Qc8+ Kg7 41. Qd7+ Kh8 42. Qe8+ Kg7 43. Qe7+ Kh8 44. Qf8+ 1/2-1/2

[Event "Plauen - Bremen"]
[Site "BL 0203"]
[Date "2003.02.09"]
[Round "11.6"]
[White "Sandner, Gunter"]
[Black "Joachim, Sven"]
[Result "0-1"]
[WhiteElo "2323"]
[BlackElo "2471"]
[PlyCount "112"]
[EventDate "2003.??.??"]

1. d4 Nf6 2. Nf3 g6 3. c4 Bg7 4. g3 d5 5. Bg2 dxc4 6. O-O O-O 7. Na3 c3 8. bxc3
c5 9. Nc4 Nc6 10. e3 Be6 11. Qe2 Rc8 12. Ncd2 Nd5 13. Bb2 Nb6 14. Ng5 Bd7 15.
Rab1 cxd4 16. cxd4 e5 17. Ngf3 exd4 18. Nxd4 Nxd4 19. Bxd4 Bxd4 20. exd4 Bc6
21. Bxc6 Rxc6 22. Nf3 Re8 23. Qd3 Qd5 24. Rb3 Rec8 25. Re1 Rc1 26. Rxc1 Rxc1+
27. Kg2 Nc4 28. a4 a6 29. h4 Ra1 30. Qe2 Nd2 31. Re3 Nxf3 32. Qxf3 Qxf3+ 33.
Kxf3 Rxa4 34. Ke4 Kf8 35. Kd5 b5 36. Re2 h5 37. Rd2 Rc4 38. Ra2 Ra4 39. Rd2 Ke7
40. Kc6 Rc4+ 41. Kb6 Kd6 42. Kxa6 b4 43. Kb5 Kd5 44. Rd3 Rc3 45. Rd1 b3 46. Kb4
Rf3 47. Rd2 f5 48. Ka3 f4 49. gxf4 Rxf4 50. Kxb3 Rxh4 51. Kc3 Rf4 52. Re2 Rxd4
53. Re8 Rf4 54. Rg8 Rf3+ 55. Kb4 Rf6 56. Kc3 Ke4 0-1

[Event "Plauen - Bremen"]
[Site "BL 0203"]
[Date "2003.02.09"]
[Round "11.7"]
[White "Meins, Gerlef"]
[Black "Kuraszkiewicz, Michael"]
[Result "1-0"]
[WhiteElo "2436"]
[BlackElo "2323"]
[PlyCount "119"]
[EventDate "2003.??.??"]

1. d4 g6 2. c4 Bg7 3. Nc3 c5 4. d5 d6 5. e4 Nf6 6. Bd3 O-O 7. h3 e6 8. Nf3 exd5
9. cxd5 a6 10. a4 Nbd7 11. O-O Nh5 12. Be2 Re8 13. Bg5 Bf6 14. Qc1 Rb8 15. a5
Bxg5 16. Nxg5 h6 17. Nf3 Kh7 18. Re1 Qf6 19. e5 dxe5 20. Ne4 Qd8 21. Nxc5 Nxc5
22. Qxc5 e4 23. Nd2 Nf4 24. Bf1 Bf5 25. Qd4 Ne6 26. Qb4 Qxd5 27. Nxe4 Bxe4 28.
Rxe4 Red8 29. Rae1 Qd6 30. Qxd6 Rxd6 31. Bc4 b6 32. axb6 Rbxb6 33. b3 Kg7 34.
Ra1 Kf8 35. Re3 Kg7 36. g3 g5 37. Kg2 Kf8 38. Ra5 Kg7 39. Rf3 f6 40. Re3 Kf8
41. Ra1 Ke7 42. Rae1 Kd7 43. Re4 Nd4 44. Re7+ Kc6 45. Rc1 Kc5 46. Bxa6+ Kb4 47.
Bc4 Nxb3 48. Bxb3 Kxb3 49. Rc5 Kb4 50. Rf5 Kc4 51. Rh7 Kd4 52. Rxh6 Ke4 53. g4
Rdc6 54. h4 gxh4 55. Rxh4 Kd3 56. Rh3+ Kd4 57. Rhf3 Re6 58. Kg3 Rbc6 59. Kh4
Rb6 60. R3f4+ 1-0

[Event "Erfurt - Emsdetten"]
[Site "BL 0203"]
[Date "2003.??.??"]
[Round "11.2"]
[White "Casper, Thomas"]
[Black "Nielsen, Peter Heine"]
[Result "1-0"]
[WhiteElo "2391"]
[BlackElo "2620"]
[PlyCount "81"]
[EventDate "2003.??.??"]

1. e4 c5 2. Nf3 e6 3. d3 Nc6 4. Be2 Nf6 5. O-O Be7 6. Re1 d5 7. Nbd2 O-O 8. Bf1
Qc7 9. c3 b5 10. a3 a5 11. exd5 exd5 12. d4 c4 13. Ne5 Bd6 14. Ndf3 Ne7 15. h3
Ne4 16. Nd2 f6 17. Nef3 f5 18. Ne5 Ng6 19. Ndf3 Bb7 20. Nxg6 hxg6 21. Ne5 Rae8
22. f3 Bxe5 23. dxe5 Nc5 24. Bf4 Ne6 25. Qd2 Rf7 26. Bg3 f4 27. Bf2 a4 28. Be2
Rf5 29. Bd1 Kf7 30. Bd4 Rh8 31. Bc2 Rg5 32. Kf1 Ke7 33. Rad1 Qc8 34. Bg1 Rhh5
35. Bh2 d4 36. cxd4 Rxh3 37. Bxf4 Rxg2 38. Kxg2 Rxf3 39. Bg5+ Kf8 40. d5 Nxg5
41. e6 1-0

[Event "Erfurt - Emsdetten"]
[Site "BL 0203"]
[Date "2003.02.09"]
[Round "11.4"]
[White "Mueller, Matthias"]
[Black "Pedersen, Nicolai Vesterbaek"]
[Result "0-1"]
[WhiteElo "2403"]
[BlackElo "2495"]
[PlyCount "80"]
[EventDate "2003.??.??"]

1. e4 e5 2. Nf3 Nc6 3. d4 exd4 4. Nxd4 Bc5 5. Nxc6 Qf6 6. Qd2 dxc6 7. Nc3 Bd4
8. Bd3 Ne7 9. O-O Ng6 10. Kh1 Ne5 11. Be2 Ng4 12. Nd1 Qd6 13. f4 h5 14. c3 Bb6
15. Qxd6 cxd6 16. b3 f5 17. Ba3 fxe4 18. Bxd6 Bf5 19. c4 Bd4 20. Rc1 c5 21. b4
b6 22. bxc5 bxc5 23. Bc7 Rh6 24. h3 Ra6 25. Re1 Kd7 26. Be5 Nxe5 27. fxe5 Ra3
28. Rb1 Kc7 29. Rb3 Rxb3 30. axb3 Bg6 31. Bf1 Rf8 32. g4 hxg4 33. hxg4 a5 34.
Bh3 Rf3 35. Bg2 Rxb3 36. Bxe4 Bxe4+ 37. Rxe4 Rb1 38. Re1 Kd7 39. e6+ Ke7 40.
Kg2 a4 0-1

[Event "Erfurt - Emsdetten"]
[Site "BL 0203"]
[Date "2003.02.09"]
[Round "11.5"]
[White "Richter, Christian"]
[Black "Enders, Peter"]
[Result "1/2-1/2"]
[WhiteElo "2333"]
[BlackElo "2524"]
[PlyCount "72"]
[EventDate "2003.??.??"]

1. d4 d5 2. c4 c6 3. Nf3 Nf6 4. Nc3 e6 5. cxd5 exd5 6. Bg5 Be7 7. e3 O-O 8. Bd3
Nbd7 9. Qc2 Re8 10. h3 Nf8 11. O-O g6 12. Ne5 N6d7 13. Bxe7 Qxe7 14. Nf3 Nb6
15. Rab1 a5 16. Rfe1 Be6 17. Ne5 f6 18. Nf3 Nfd7 19. b3 Bf7 20. Kh1 Kg7 21. Kg1
Qa3 22. Rec1 Qe7 23. Re1 Nc8 24. Rec1 Nd6 25. Na4 Rec8 26. Nc5 b6 27. Nxd7 Qxd7
28. Qd2 c5 29. dxc5 bxc5 30. e4 dxe4 31. Bxe4 Ra7 32. Rd1 Qe7 33. Bd5 a4 34.
Re1 Qd8 35. Bxf7 Nxf7 36. Rbc1 Qxd2 1/2-1/2

[Event "Erfurt - Emsdetten"]
[Site "BL 0203"]
[Date "2003.02.09"]
[Round "11.6"]
[White "Brueggemann, Joachim"]
[Black "Van Delft, Merijn"]
[Result "1-0"]
[WhiteElo "2412"]
[BlackElo "2341"]
[PlyCount "81"]
[EventDate "2003.??.??"]

1. e4 c5 2. Nf3 d6 3. d4 cxd4 4. Nxd4 Nf6 5. Nc3 Nc6 6. Bg5 e6 7. Qd2 Be7 8.
O-O-O Nxd4 9. Qxd4 O-O 10. f4 Qa5 11. Bc4 Bd7 12. e5 dxe5 13. fxe5 Bc6 14. Bd2
Nd7 15. Nd5 Qc5 16. Nxe7+ Qxe7 17. Rhe1 Rfd8 18. Bf1 Nf8 19. Qb4 Qc7 20. Bc3
Rd5 21. Rxd5 Bxd5 22. g3 Rc8 23. Kb1 b6 24. Ba6 Rd8 25. a3 Bb7 26. Bd3 Bf3 27.
Qc4 Qb7 28. Qh4 Rc8 29. Bb4 Ng6 30. Qd4 Nf8 31. Re3 Bh5 32. Be4 Qa6 33. Rc3 Bg6
34. Bc6 Qf1+ 35. Ka2 Qc1 36. Ba4 Ra8 37. Rc7 b5 38. Bb3 a5 39. Bxa5 Rxa5 40.
Rc8 h5 41. Qb4 1-0

[Event "Erfurt - Emsdetten"]
[Site "BL 0203"]
[Date "2003.02.09"]
[Round "11.7"]
[White "Van Beek, Lucien"]
[Black "Voekler, Bernd"]
[Result "1/2-1/2"]
[WhiteElo "2341"]
[BlackElo "2382"]
[PlyCount "77"]
[EventDate "2003.??.??"]

1. d4 Nf6 2. c4 g6 3. Nc3 Bg7 4. e4 d6 5. Be2 O-O 6. Bg5 c6 7. Qd2 a6 8. Rd1 b5
9. a3 bxc4 10. Bxc4 Nxe4 11. Nxe4 d5 12. Bd3 dxe4 13. Bxe4 Ra7 14. Nf3 Bg4 15.
h3 Bxf3 16. Bxf3 Rd7 17. Be3 e5 18. d5 cxd5 19. Bxd5 Nc6 20. Bc5 Nd4 21. Bxf8
Bxf8 22. Bc4 Nf3+ 23. gxf3 Rxd2 24. Rxd2 Qc8 25. b3 Bxa3 26. Ke2 Bc5 27. Rc1
Qxh3 28. Bxf7+ Kxf7 29. Rxc5 Qe6 30. Rc4 h5 31. Rd3 Kf6 32. Kf1 Kf5 33. Kg2 g5
34. Re3 Qd6 35. Ra4 Qc6 36. Ra5 Qd6 37. Ra4 Qc6 38. Kg3 Qc1 39. Kg2 1/2-1/2

[Event "Erfurt - Emsdetten"]
[Site "BL 0203"]
[Date "2003.02.09"]
[Round "11.8"]
[White "Umpfenbach, Caroline"]
[Black "Pedersen, Daniel Vesterbaek"]
[Result "1/2-1/2"]
[WhiteElo "2077"]
[BlackElo "2344"]
[PlyCount "125"]
[EventDate "2003.??.??"]

1. d4 d5 2. c4 c6 3. Nc3 Nf6 4. Nf3 e6 5. e3 Nbd7 6. Qc2 Bd6 7. g4 Bb4 8. Bd2
Qe7 9. g5 Bxc3 10. Bxc3 Ne4 11. Bd3 Nxc3 12. Qxc3 dxc4 13. Bxc4 b6 14. O-O-O
Bb7 15. e4 O-O-O 16. Rhg1 Kb8 17. Kb1 g6 18. Rge1 b5 19. Bf1 b4 20. Qe3 Qd6 21.
Nd2 Qc7 22. Nb3 a5 23. Rc1 Rhe8 24. Red1 Re7 25. f4 Qb6 26. Qg3 Ka7 27. Bg2 Ba6
28. e5 Bb5 29. Qf3 Qa6 30. Qf2 Qb6 31. Nc5 Kb8 32. Qc2 Rc8 33. Qf2 Ka7 34. h4
Nb8 35. Qc2 Rd8 36. Qf2 a4 37. Qc2 Qa5 38. Bf1 Rc7 39. Bg2 a3 40. bxa3 bxa3 41.
Nb3 Qa4 42. Qc5+ Kb7 43. Qc3 Ka8 44. Nc5 Qa7 45. Ka1 Nd7 46. Qb4 Rb8 47. Nxd7
Rxd7 48. Rxc6 Bf1 49. Qd2 Bxg2 50. Qxg2 Rd5 51. Rc5 Qa4 52. Qc2 Rxd4 53. Qxa4+
Rxa4 54. Rd7 Rb7 55. Rc8+ Ka7 56. Rcc7 Rab4 57. Rxb7+ Rxb7 58. Rxb7+ Kxb7 59.
Kb1 Kc6 60. Kc2 Kd5 61. Kd3 Kc5 62. Kc3 Kd5 63. Kd3 1/2-1/2

[Event "Kreuzberg - Baden Oos"]
[Site "BL 0203"]
[Date "2003.02.09"]
[Round "11.3"]
[White "Dautov, Rustem"]
[Black "Tischbierek, Raj"]
[Result "0-1"]
[WhiteElo "2617"]
[BlackElo "2523"]
[PlyCount "79"]
[EventDate "2003.??.??"]

1. d4 d6 2. Nf3 Bg4 3. c4 Nd7 4. Nc3 g6 5. g3 Bxf3 6. exf3 Bg7 7. Bh3 Ngf6 8.
O-O O-O 9. d5 c6 10. Re1 Re8 11. Be3 Qa5 12. a3 Rad8 13. f4 Qc7 14. Rc1 Qb8 15.
f5 a6 16. fxg6 hxg6 17. f4 cxd5 18. cxd5 b5 19. b4 Rc8 20. f5 gxf5 21. Bxf5 Rc4
22. Bd3 Rc7 23. Bd4 Ne5 24. Bxe5 dxe5 25. Qf3 Qb6+ 26. Kf1 Rec8 27. Bf5 e6 28.
dxe6 fxe6 29. Bh3 Nh7 30. Kg2 Ng5 31. Nd5 Rc2+ 32. Rxc2 Rxc2+ 33. Kf1 exd5 34.
Qxd5+ Nf7 35. Re2 Rc1+ 36. Kg2 Qg1+ 37. Kf3 Rc3+ 38. Kg4 Rc4+ 39. Kh5 Rd4 40.
Qe6 0-1

[Event "Kreuzberg - Baden Oos"]
[Site "BL 0203"]
[Date "2003.02.09"]
[Round "11.5"]
[White "Schenk, Andreas"]
[Black "Kalinitschew, Sergey"]
[Result "1-0"]
[WhiteElo "2479"]
[BlackElo "2485"]
[PlyCount "71"]
[EventDate "2003.??.??"]

1. d4 Nf6 2. c4 e6 3. Nc3 Bb4 4. Qc2 c5 5. dxc5 Na6 6. a3 Bxc3+ 7. Qxc3 Nxc5 8.
f3 a5 9. e4 d6 10. Be3 Qc7 11. Ne2 e5 12. Qc2 O-O 13. Nc3 Ne8 14. Nd5 Qd8 15.
Rd1 a4 16. Be2 Bd7 17. O-O Rc8 18. Qd2 h6 19. Qb4 Rc6 20. Rd2 Nb3 21. Rc2 Nc5
22. Bd1 f5 23. exf5 Bxf5 24. Rd2 Rf7 25. Bxc5 dxc5 26. Qc3 b5 27. Ne3 Rd6 28.
Rxd6 Nxd6 29. cxb5 Nxb5 30. Qxc5 Bd3 31. Re1 Nd4 32. Ng4 e4 33. fxe4 Bb5 34.
Ne5 Re7 35. Nf3 Qa5 36. Qxd4 1-0

[Event "Kreuzberg - Baden Oos"]
[Site "BL 0203"]
[Date "2003.02.09"]
[Round "11.6"]
[White "Volke, Karsten"]
[Black "Schlosser, Philipp"]
[Result "1/2-1/2"]
[WhiteElo "2457"]
[BlackElo "2534"]
[PlyCount "46"]
[EventDate "2003.??.??"]

1. c4 e6 2. g3 d5 3. Bg2 Nf6 4. Nf3 dxc4 5. Qa4+ c6 6. Qxc4 b5 7. Qc2 Bb7 8.
O-O Nbd7 9. b3 Be7 10. Bb2 c5 11. a4 a6 12. axb5 axb5 13. Rxa8 Qxa8 14. Nc3 Qb8
15. Ra1 O-O 16. Ra5 b4 17. Nd1 Qc7 18. Ra7 Qb6 19. Ra1 Ra8 20. Rxa8+ Bxa8 21.
Ne5 Bxg2 22. Nxd7 Nxd7 23. Kxg2 Qc6+ 1/2-1/2

[Event "Kreuzberg - Baden Oos"]
[Site "BL 0203"]
[Date "2003.02.09"]
[Round "11.7"]
[White "Schmaltz, Roland"]
[Black "Muse, Drazen"]
[Result "1-0"]
[WhiteElo "2529"]
[BlackElo "2442"]
[PlyCount "85"]
[EventDate "2003.??.??"]

1. e4 c5 2. Nf3 d6 3. d4 cxd4 4. Nxd4 Nf6 5. Nc3 g6 6. Be2 Bg7 7. O-O O-O 8.
Re1 Nc6 9. Nb3 b6 10. Bf1 Bb7 11. Bg5 Nd7 12. Qc1 Re8 13. Nd5 Qb8 14. Bb5 f6
15. Be3 e6 16. Nf4 Nde5 17. Be2 Nf7 18. Qd2 Qc7 19. f3 Rad8 20. c4 Nfe5 21.
Rac1 Qf7 22. Red1 Kh8 23. Nh3 Qc7 24. Nf2 Nf7 25. Nd4 Nxd4 26. Bxd4 e5 27. Be3
f5 28. Qd3 Qc8 29. b4 f4 30. Bd2 Ng5 31. Qa3 Qa8 32. Bc3 Ne6 33. Qb2 g5 34. Rd3
h5 35. Rcd1 Nd4 36. Rxd4 exd4 37. Bxd4 Re7 38. Bxg7+ Rxg7 39. Qf6 Rdd7 40. Qh6+
Kg8 41. Qxh5 a5 42. Ng4 Qd8 43. Qh6 1-0

[Event "Kreuzberg - Baden Oos"]
[Site "BL 0203"]
[Date "2003.02.09"]
[Round "11.8"]
[White "Loeffler, Stefan"]
[Black "Keitlinghaus, Ludger"]
[Result "0-1"]
[WhiteElo "2398"]
[BlackElo "2500"]
[PlyCount "59"]
[EventDate "2003.??.??"]

1. Nf3 d5 2. c4 c6 3. e3 Nf6 4. Nc3 a6 5. h3 Nbd7 6. d4 e6 7. Be2 Bd6 8. O-O
O-O 9. b3 e5 10. dxe5 Nxe5 11. cxd5 Nxf3+ 12. Bxf3 Be5 13. Bb2 Nxd5 14. Bxd5
cxd5 15. Qd2 Bxc3 16. Qxc3 Qg5 17. f4 Qh6 18. Rad1 Rd8 19. e4 Qb6+ 20. Kh2 d4
21. Rxd4 Rxd4 22. Rd1 f6 23. Rxd4 Be6 24. e5 Rc8 25. Qd3 fxe5 26. Rd6 Qf2 27.
Rxe6 Qxb2 28. Qd7 Rf8 29. Re8 Qa3 30. Qd5+ 0-1

[Event "Neukoelln - Stuttgart"]
[Site "BL 0203"]
[Date "2003.02.09"]
[Round "11.1"]
[White "Hickl, Joerg"]
[Black "Rogozenko, Dorian"]
[Result "1/2-1/2"]
[WhiteElo "2605"]
[BlackElo "2520"]
[PlyCount "66"]
[EventDate "2003.??.??"]

1. g3 g6 2. Bg2 Bg7 3. c4 Nf6 4. Nc3 O-O 5. d3 c5 6. a3 Nc6 7. Rb1 Ne8 8. Bd2
a5 9. Nf3 Nc7 10. Qc1 d6 11. Bh6 Bd7 12. O-O Rb8 13. a4 b6 14. Qd2 Bxh6 15.
Qxh6 f6 16. Qd2 Be6 17. Ng5 Bd7 18. Nf3 Be6 19. Rfd1 d5 20. d4 cxd4 21. cxd5
dxc3 22. Qxc3 Bxd5 23. e4 Nb4 24. exd5 Ncxd5 25. Qb3 e6 26. Nd4 Qd6 27. Nxe6
Qxe6 28. Bxd5 Nxd5 29. Rxd5 Rbd8 30. Rbd1 Rxd5 31. Qxd5 Re8 32. b3 Qxd5 33.
Rxd5 Kf7 1/2-1/2

[Event "Neukoelln - Stuttgart"]
[Site "BL 0203"]
[Date "2003.02.09"]
[Round "11.2"]
[White "Stohl, Igor Dr"]
[Black "Gabriel, Christian"]
[Result "1/2-1/2"]
[WhiteElo "2547"]
[BlackElo "2562"]
[PlyCount "20"]
[EventDate "2003.??.??"]

1. c4 Nf6 2. Nc3 e5 3. e3 Nc6 4. Nf3 Bb4 5. Qc2 O-O 6. Nd5 Be7 7. a3 h6 8. Be2
a5 9. O-O d6 10. d3 Be6 1/2-1/2

[Event "Neukoelln - Stuttgart"]
[Site "BL 0203"]
[Date "2003.02.09"]
[Round "11.3"]
[White "Jenni, Florian"]
[Black "Berndt, Stephan"]
[Result "1/2-1/2"]
[WhiteElo "2483"]
[BlackElo "2482"]
[PlyCount "60"]
[EventDate "2003.??.??"]

1. e4 c5 2. Nf3 d6 3. d4 cxd4 4. Nxd4 Nf6 5. Nc3 g6 6. Be3 Bg7 7. f3 O-O 8. Qd2
Nc6 9. O-O-O d5 10. Kb1 Rb8 11. Nb3 dxe4 12. Qxd8 Rxd8 13. Rxd8+ Nxd8 14. Bxa7
Ra8 15. Bb6 Bf5 16. Bb5 exf3 17. gxf3 Nc6 18. Bxc6 bxc6 19. Bd4 Nd5 20. Bxg7
Kxg7 21. Ne4 e5 22. Nbc5 f6 23. Rd1 g5 24. c4 Ne3 25. Rd6 Nxc4 26. Rxc6 g4 27.
fxg4 Nd2+ 28. Kc1 Nxe4 29. gxf5 Nxc5 30. Rxc5 Rxa2 1/2-1/2

[Event "Neukoelln - Stuttgart"]
[Site "BL 0203"]
[Date "2003.02.09"]
[Round "11.4"]
[White "Polzin, Rainer"]
[Black "Schmittdiel, Eckhard"]
[Result "0-1"]
[WhiteElo "2462"]
[BlackElo "2491"]
[PlyCount "98"]
[EventDate "2003.??.??"]

1. e4 c5 2. Nf3 Nc6 3. d4 cxd4 4. Nxd4 e5 5. Nb5 d6 6. c4 Be6 7. N1c3 a6 8. Na3
Be7 9. Be2 Bg5 10. O-O Bxc1 11. Rxc1 Nge7 12. Nc2 O-O 13. Qd2 Qd7 14. Rfd1 Rad8
15. Qe3 f5 16. c5 f4 17. Qf3 Nc8 18. Nd5 Kh8 19. Ndb4 a5 20. Nxc6 Qxc6 21. cxd6
Nxd6 22. Nd4 Qe8 23. Nxe6 Qxe6 24. Rd5 Nf7 25. Qb3 Rxd5 26. exd5 Qe7 27. Qh3
Ng5 28. Qg4 h6 29. Rc8 Kg8 30. h4 Nf7 31. Bd3 Nd6 32. Rxf8+ Kxf8 33. Bg6 Qf6
34. f3 Ke7 35. h5 Kd8 36. Be4 Nc4 37. Kh2 Ne3 38. Qh3 Kc7 39. g3 Qa6 40. gxf4
Qe2+ 41. Kh1 Qe1+ 42. Kh2 exf4 43. b3 Qf2+ 44. Kh1 Qxa2 45. d6+ Kxd6 46. Bxb7
Qxb3 47. Bc8 Qd1+ 48. Kh2 Kc5 49. Be6 Kb4 0-1

[Event "Neukoelln - Stuttgart"]
[Site "BL 0203"]
[Date "2003.02.09"]
[Round "11.5"]
[White "Duppel, Matthias"]
[Black "Borriss, Martin Dr"]
[Result "0-1"]
[WhiteElo "2440"]
[BlackElo "2442"]
[PlyCount "80"]
[EventDate "2003.??.??"]

1. d4 Nf6 2. c4 e6 3. Nc3 d5 4. cxd5 exd5 5. Bg5 Be7 6. e3 c6 7. Qc2 Nbd7 8.
Bd3 Nh5 9. Bxe7 Qxe7 10. O-O-O Nb6 11. h3 g6 12. Nf3 Ng7 13. g4 Be6 14. Kb1
O-O-O 15. Rc1 Kb8 16. Ka1 Ne8 17. Rcg1 Nd6 18. h4 h5 19. g5 Bf5 20. Bxf5 Nxf5
21. Ne2 Nc4 22. Rc1 Rhe8 23. Nf4 Ncxe3 24. fxe3 Qxe3 25. Qh2 Qxf3 26. Nxg6+ Qg3
27. Ne5 Qxh2 28. Rxh2 Nxd4 29. Nxf7 Rd7 30. Rf2 Re4 31. g6 Ne6 32. Rg1 Rxh4 33.
Ne5 Re7 34. Kb1 Re4 35. Nf7 Ng7 36. Nh6 Kc7 37. Rf7 Kd8 38. Ng8 Rxf7 39. gxf7
Ne6 40. Nh6 Rf4 0-1

[Event "Neukoelln - Stuttgart"]
[Site "BL 0203"]
[Date "2003.02.09"]
[Round "11.6"]
[White "Poldauf, Dirk"]
[Black "Bunzmann, Dimitri"]
[Result "0-1"]
[WhiteElo "2410"]
[BlackElo "2498"]
[PlyCount "72"]
[EventDate "2003.??.??"]

1. c4 b6 2. Nc3 Bb7 3. e4 e6 4. Nge2 f5 5. d3 fxe4 6. dxe4 Nf6 7. f3 Bc5 8. Ng3
Nc6 9. Bd3 O-O 10. f4 e5 11. f5 Nb4 12. Bb1 a5 13. Bg5 h6 14. h4 hxg5 15. hxg5
Nh7 16. Rxh7 Qxg5 17. Rh3 Qe3+ 18. Qe2 Kf7 19. Qxe3 Bxe3 20. a3 Na6 21. Ba2 Rh8
22. c5+ Ke7 23. cxb6 Rxh3 24. gxh3 Bxb6 25. O-O-O Rh8 26. f6+ gxf6 27. Nf5+ Kd8
28. h4 Nc5 29. Bd5 Bxd5 30. exd5 Rh5 31. Rf1 Nd3+ 32. Kd2 Nf4 33. Ng3 Rxh4 34.
Nce4 Rh2+ 35. Kc3 Nxd5+ 36. Kb3 Bd4 0-1

[Event "Neukoelln - Stuttgart"]
[Site "BL 0203"]
[Date "2003.02.09"]
[Round "11.7"]
[White "Berezovsky, Igor"]
[Black "Thiede, Lars"]
[Result "1-0"]
[WhiteElo "2435"]
[BlackElo "2416"]
[PlyCount "59"]
[EventDate "2003.??.??"]

1. d4 g6 2. c4 Bg7 3. Nf3 Nf6 4. Nc3 O-O 5. e4 d6 6. Be2 Na6 7. O-O e5 8. Be3
Ng4 9. Bg5 Qe8 10. dxe5 dxe5 11. Nd2 Nh6 12. Nb3 f6 13. Be3 Be6 14. Nb5 Qe7 15.
f3 Nf7 16. Qc1 Rfd8 17. Qc3 c6 18. Na3 b6 19. c5 b5 20. Na5 b4 21. Nxc6 Qf8 22.
Nxb4 Nxb4 23. Qxb4 Bh6 24. Qc3 Bxe3+ 25. Qxe3 Rab8 26. b3 Rd4 27. Rac1 a5 28.
Nb5 Rb4 29. Nc7 Qc8 30. Na6 1-0